Spell the Marvel Character #152 - Statistics

General Stats
  • This quiz has been taken 15 times
  • The average score is 8 of 10
Answer Stats
Picture Answer % Correct
Captain America
100%
Cyclops
92%
Luke Cage
92%
Wolverine
92%
Black Bolt
85%
Black Crow
85%
Outlaw
85%
Karnak
77%
Aero
62%
Roz Solomon
15%
No matching quizzes found
Score Distribution
Percent of People with Each Score
Percentile by Number Answered
Your Score History
You have not taken this quiz